00699nam a22001097a 4500040000800000082002700008100004600035245044400081260002600525300002300551856001500574 cRUA aAED CHE 2018 B650 Or.1 aCHET TOLA ចែត្រ តុលា​ athe study on saving group in svay sor aphiwath agricultural cooperative in sna ansa commune krakor district, pursat provinceការសិក្សារពីក្រុមសន្សំប្រាក់ក្នុងសហគមន៍កសិកម្ម ស្វាយ ស អភិវឌ្ឍន៍នៅក្នុងឃុំស្មាអន្សា ស្រុកក្រគរ ខេត្តពោធ៏សាត់ aRUAbPhnom penhc2018 aix;37pbill;c29cm u CHET TOLA